| 000 | 00774nam a22002177a 4500 | ||
|---|---|---|---|
| 999 |
_c3955 _d3955 |
||
| 003 | AR-CdUCM | ||
| 008 | 190307b ||||| |||| 00| 0 spa d | ||
| 040 |
_aMUNICIPALIDAD PROVINCIAL DEL CUSCO _cBIBLIOTECA MUNICIPAL DEL CUSCO |
||
| 082 |
_a890.991 / _bM26 |
||
| 100 |
_aMarx, Jean _912653 |
||
| 245 | _aLas literaturas Célticas / | ||
| 260 |
_aBuenos Aires : _bEUDEBA, _c1964. |
||
| 300 |
_a127 páginas ; _c19 cm. |
||
| 500 | _aDonación de la familia de Luis Nieto | ||
| 505 | _aContenido: La literatura Gaélica -- La Literatura Irlandesa -- La literatura Británica -- La literatura Galesa. | ||
| 650 |
_aLiteratura cécltica _912654 |
||
| 650 |
_aDesarollo de la literatura _912655 |
||
| 650 |
_aHistoria y crítica _95993 |
||
| 942 |
_2ddc _cLIBROS |
||
| 945 | _adavv | ||